Clasificación de Frutas por Familias - Estadísticas

Estadísticas generales
  • Esta prueba ha sido intentada 80 veces
  • La puntuación promedio es 22 de 41
Estadísticas de respuestas
Hint Fruta % Correcto
li Limon
95%
ma Manzana
95%
na Naranja
92%
pl Platano
89%
fr Fresa
87%
ma Mandarina
87%
me Melon
84%
pe Pera
84%
sa Sandia
84%
ar Arandano
81%
mo Mora
77%
al Almendra
76%
nu Nuez
73%
pi Piña
73%
uv Uva
73%
ce Cereza
71%
fr Frambuesa
71%
ki Kiwi
66%
ma Mango
65%
me Melocoton
65%
po Pomelo
63%
pa Papaya
58%
ag Aguacate
52%
al Albaricoque
50%
ci Ciruela
50%
ca Cacahuete
48%
av Avellana
47%
pi Pistacho
45%
hi Higo
44%
ne Nectarina
31%
ni Nispero
31%
ca Castaña
26%
ch Chirimoya
26%
gr Grosella
23%
za Zarzamora
18%
da Datil
15%
fp Fruta de la pasion
10%
ka Kaki
10%
ca Carambola
2%
li Litchi
0%
pa Pacana
0%
No se encontraron pruebas coincidentes
Distribución de puntuación
Porcentaje de gente con cada puntuación
Porcentaje por número respondido
Historial de tus puntuaciones
No has intentado esta prueba.